000 01282nam a22003617a 4500
003 CHAP
005 20220329143632.0
008 101104s2000 mx a r 00010 spa d
010 _a99660
011 _a100632
020 _a9688847992
035 _a111318
040 _cCHAP
090 _aFolleto 17825
245 0 0 _aMetodología para la zonificación ecológica de especies endémicas de las zonas áridas y semiáridas de México
_c/por Juan Walterio Estrada Berg Wolf ...[et al.]
260 _a[Chapingo, Méx.] :
_bUACH. CONAZA,
_c[2000]
300 _a25 p. :
_bilus.
590 _aBATCH-UPD
_b10
_c20130110
_lUCH01
_h0944
590 _aBATCH-UPD
_b10
_c20130410
_lUCH01
_h0559
590 _aBATCH-UPD
_b10
_c20130914
_lUCH01
_h0854
590 _aCONVERSION
_b10
_c20130109
_lUCH01
_h1355
650 1 4 _aCartografía.
_919644
650 1 4 _aCultivos y clima.
_930392
650 1 4 _aEcología vegetal.
_935188
650 1 4 _aRegiones áridas
_xAgricultura.
_995670
650 1 4 _aZonificación ecológica.
_9124145
700 0 _aEstrada Berg Wolf, Juan Walterio.
_938357
901 _aBK
911 _aen proceso
942 _cFOLL
949 _aFolleto 17825
_bBC
_cFOLL
_d33724002216322
_eTS2
_fc.2
_i111318
_sb
949 _aFolleto 17825
_bBC
_cUACH
_d33724002216363
_eUACH
_i111318
_sb
999 _c99660
_d99660